000
00362nam a2200157Ia 4500
005
20250603145306.0
008
250603s9999 xx 000 0 und d
020
_a
978405829540
050
_a
PE 1628 .L576/
245
0
_a
Longman advanced American dictionary
260
_a
Harlow
260
_b
Longman
300
_a
863 p
650
_a
Harlow
942
_c
BK
999
_c
41431
_d
41431